[Event "?"]
[Site "masterchessopen.com USA"]
[Round "0"]
[White "Shamkovich Leonid (USA)"]
[Black "McCarthy Brian (USA)"]
[Result "1-0"]
[WhiteElo "2485"]
[BlackElo "2216"]

1.e4 e6 2.d4 d5 3.Nd2 c5 4.Ngf3 a6 5.exd5 exd5 6.dxc5 Bxc5 7.Nb3 Ba7 8.Bd3 Nf6
9.O-O O-O 10.h3 Nc6 11.Bg5 Qd6 12.c4 d4 13.c5 Bxc5 14.Bxf6 gxf6 15.Qc1 Nb4
16.Qxc5 {#r} 1-0

[Event "?"]
[Site "masterchessopen.com Titograd (Yugoslavia)"]
[Round "0"]
[White "Jansa Vlastimil (CZE)"]
[Black "Forintos Gyozo V (HUN)"]
[Result "0-1"]
[WhiteElo "2455"]
[BlackElo "2317"]

1.e4 e6 2.d4 d5 3.Nd2 a6 4.Ngf3 c5 5.exd5 exd5 6.dxc5 Bxc5 7.Bd3 Qe7+ 8.Be2
Nf6 9.O-O O-O 10.Nb3 Ba7 11.Bg5 Nc6 12.Bh4 Rd8 13.Re1 Qd6 14.c3 Bf5 15.Nfd4
Bg6 16.Bg3 Qf8 17.Nxc6 bxc6 18.Bxa6 Ne4 19.Bd3 f5 20.Nd4 Qf6 21.Qc1 Bxd4
22.cxd4 Qxd4 23.Bxe4 fxe4 24.Qxc6 Qxb2 25.a4 Be8 26.Qe6+ Bf7 27.Qe5 Qxe5
28.Bxe5 d4 29.Rxe4 d3 30.Bf4 Rac8 31.Bd2 Rc2 32.Rd1 Bb3 33.Rb4 Rb2 34.Bc3 d2
35.h4 Bxd1 36.Rxb2 Bc2 37.Bxd2 Rxd2 38.Kh2 Re2 39.a5 Bd3 40.Rxe2 Bxe2 41.Kg3
Bf1 42.f3 Kf7 43.Kf2 Ba6 44.Ke3 Kg6 45.g4 Kf6 46.Kf4 Bb7 47.Ke3 h6 48.f4 h5
49.gxh5 Kf5 50.Kd4 Kxf4 {#R} 0-1

[Event "?"]
[Site "masterchessopen.com URS"]
[Round "0"]
[White "Kovalev Andrei (BLR)"]
[Black "Eingorn Vereslav S (UKR)"]
[Result "0-1"]
[WhiteElo "2513"]
[BlackElo "2465"]

1.e4 e6 2.d4 d5 3.Nd2 a6 4.Ngf3 c5 5.exd5 exd5 6.dxc5 Bxc5 7.Nb3 Ba7 8.Be2 Nf6
9.O-O O-O 10.Bg5 Nc6 11.c3 Re8 12.Bh4 Qd6 13.Re1 Ne4 14.Nbd4 Bg4 15.Qd3 Qh6
16.Bg3 Nxg3 17.hxg3 Re4 18.Rad1 Nxd4 19.Nxd4 Rae8 20.f3 Re3 21.Qd2 Bd7 22.Kf2
Bb8 23.f4 Rxg3 24.Kxg3 g5 25.Kf2 Bxf4 26.Nf5 Bxf5 27.Bd3 Qh4+ 28.Kf1 Qh1+
29.Kf2 Rxe1 30.Qxe1 Bg3+ {#R} 0-1

[Event "?"]
[Site "masterchessopen.com Riga (Latvia)"]
[Round "0"]
[White "Shirov Alexei (ESP)"]
[Black "Petkevich Jusefs (LAT)"]
[Result "0-1"]
[WhiteElo "2713"]
[BlackElo "2380"]

1.e4 e6 2.d4 d5 3.Nd2 a6 4.Ngf3 c5 5.exd5 exd5 6.dxc5 Bxc5 7.Nb3 Ba7 8.Nfd4
Ne7 9.g3 Nbc6 10.Bg2 O-O 11.O-O Nf5 12.Ne2 d4 13.Nd2 Re8 14.Nf3 Be6 15.Bf4 Bc4
16.Re1 Qb6 17.g4 d3 18.cxd3 Qxf2+ 19.Kh1 Bd5 20.Neg1 Nfd4 21.Qd2 Rxe1 22.Rxe1
Nxf3 {#R} 0-1

[Event "Bayern Landesliga North 2000/01"]
[Site "masterchessopen.com Germany"]
[Round "1"]
[White "Bade Joern (GER)"]
[Black "Liepold Stefan (GER)"]
[Result "0-1"]
[WhiteElo "2262"]
[BlackElo "2256"]

1.e4 e6 2.d4 d5 3.Nd2 a6 4.Ngf3 c5 5.exd5 exd5 6.Be2 c4 7.b3 b5 8.a4 Bb7 9.O-O
Bd6 10.Re1 Ne7 11.Ne5 Nbc6 12.Ndf3 O-O 13.Bf4 Ng6 14.Nxg6 hxg6 15.Qd2 Bxf4
16.Qxf4 Qf6 17.Qd2 Rfe8 18.b4 Re4 19.c3 Rae8 20.axb5 axb5 21.Bd1 Nxd4 22.cxd4
Rxe1+ {#R} 0-1

[Event "Bayern Regionalliga Northwest 1994/95"]
[Site "masterchessopen.com Germany"]
[Round "0"]
[White "Lippert Frank"]
[Black "Karcevski Mario"]
[Result "1-0"]
[WhiteElo "2115"]
[BlackElo "2115"]

1.d4 e6 2.e4 d5 3.Nd2 a6 4.Ngf3 c5 5.exd5 exd5 6.dxc5 Bxc5 7.Nb3 Ba7 8.Be2 Nf6
9.O-O O-O 10.Nfd4 Nc6 11.c3 h6 12.Bf4 Ne7 13.Re1 Ng6 14.Be3 Ne5 15.Nc2 Bb8
16.Bf4 g5 17.Bxe5 Bxe5 18.Ne3 Qd6 19.h3 Be6 20.Nd4 Ne4 21.Ng4 Bg7 22.Bf3 h5
23.Ne3 h4 24.Nxe6 Nxf2 25.Kxf2 fxe6 26.Kg1 Qb6 27.Qb3 Qd6 28.Bg4 Qg3 29.Bxe6+
Kh8 30.Ng4 Rae8 31.Qxd5 Bf6 32.Re3 Rd8 33.Rxg3 Rxd5 34.Bxd5 hxg3 35.Rf1 Be7
36.Rxf8+ Bxf8 37.Bxb7 a5 38.Kf1 Kg7 {#r} 1-0

[Event "Bayern Regionalliga Northwest 2004/05"]
[Site "masterchessopen.com Bayern (Germany)"]
[Date "2005.01.30"]
[Round "6"]
[White "Janda Pavel (CZE)"]
[Black "Lechleitner Walter"]
[Result "0-1"]
[WhiteElo "2158"]
[BlackElo "1977"]

1.e4 e6 2.d4 d5 3.Nd2 a6 4.Ngf3 c5 5.exd5 exd5 6.dxc5 Bxc5 7.Nb3 Ba7 8.Be2 Nf6
9.O-O Nc6 10.c3 Qd6 11.Bg5 Ne4 12.Bh4 O-O 13.Nfd4 Qf4 14.Bg3 Nxg3 15.hxg3 Qf6
16.Nf3 Re8 17.Re1 Bf5 18.Qxd5 Rad8 19.Bc4 Rxe1+ 20.Rxe1 h6 21.Qxf7+ Qxf7
22.Bxf7+ Kxf7 23.Nbd2 g5 24.Nc4 Be6 25.Nce5+ Nxe5 26.Nxe5+ Kf6 27.Re2 Rd1+
28.Kh2 Rf1 29.g4 Bb8 30.f4 gxf4 31.Nf3 Bxg4 32.Re8 Bd6 33.Rh8 Kg7 34.Rd8 Bc5
35.Nd4 Rf2 36.b4 Be7 37.Rb8 Bh4 38.Rxb7+ Kf6 39.Kg1 Rxa2 40.Rb6+ Ke5 41.Nf3+
Bxf3 42.gxf3 Bf2+ {#R} 0-1

[Event "Belgrade Premier League"]
[Site "masterchessopen.com Belgrade (Serbia)"]
[Date "2010.10.06"]
[Round "6"]
[White "Maric Dragan (SRB)"]
[Black "Stevanovic Vladan S (SRB)"]
[Result "1-0"]
[WhiteElo "2259"]
[BlackElo "2263"]

1.e4 e6 2.d4 d5 3.Nd2 a6 4.Ngf3 c5 5.exd5 exd5 6.dxc5 Bxc5 7.Nb3 Bb6 8.Bg5 Ne7
9.Qe2 Nc6 10.O-O-O O-O 11.Nfd4 Re8 12.Nxc6 bxc6 13.Qf3 a5 14.c3 a4 15.Nd4 f6
16.Be3 a3 17.b3 c5 18.Nc2 Be6 19.Bb5 Rf8 20.Rhe1 Bf7 21.Kb1 Ng6 22.Bc1 Qc7
23.Bxa3 Ra5 24.c4 Rfa8 25.Bb2 d4 26.a4 Qxh2 27.g3 Qh3 28.Qb7 Bd8 29.Bd7 Qh5
30.g4 Qh4 31.Be8 Ne7 32.Bxf7+ Kxf7 33.Qe4 h6 34.Qe6+ Kf8 35.f4 Qg3 36.g5 Qxb3
37.gxf6 gxf6 38.Qxf6+ Ke8 39.Qc6+ Kf7 40.Qe6+ Ke8 41.Rg1 Kf8 42.Qxh6+ Ke8
43.Qe6 Kf8 44.Rh1 R5a6 45.Rh2 Kg7 46.Rh7+ Kxh7 47.Qf7+ {#r} 1-0

[Event "Blitz"]
[Site "masterchessopen.com Herceg Novi (Montenegro)"]
[Round "0"]
[White "Tal Mikhail N (LAT)"]
[Black "Korchnoi Viktor (SUI)"]
[Result "1-0"]
[WhiteElo "2520"]
[BlackElo "2556"]

1.e4 e6 2.d4 d5 3.Nd2 c5 4.Ngf3 a6 5.exd5 exd5 6.Be2 c4 7.O-O Bd6 8.Re1 Ne7
9.b3 b5 10.a4 c3 11.Nf1 b4 12.Ne5 O-O 13.Bf4 f6 14.Nd3 Bxf4 15.Nxf4 Qd6 16.Bf3
Nbc6 17.Ne3 Qxf4 18.Nxd5 Nxd5 19.Bxd5+ Kh8 20.Bxc6 Ra7 21.Qe2 Qxd4 22.Rad1 Qc5
23.Qe8 Rf7 24.Rd5 Qb6 25.Qxf7 {#r} 1-0

[Event "Bundesliga (2nd) East 1999/00"]
[Site "masterchessopen.com Germany"]
[Round "2"]
[White "Mietzner Tina (GER)"]
[Black "Taudte Stefan (GER)"]
[Result "1-0"]
[WhiteElo "2097"]
[BlackElo "2111"]

1.e4 e6 2.d4 d5 3.Nd2 a6 4.Ngf3 c5 5.exd5 exd5 6.dxc5 Bxc5 7.Nb3 Bb6 8.Bd3 Nc6
9.O-O Bg4 10.Re1+ Nge7 11.Bf4 Qd7 12.h3 Bf5 13.Bxf5 Qxf5 14.Bd6 Rd8 15.Ba3 Qf6
16.Nbd4 O-O 17.Nxc6 Nxc6 18.Bxf8 Kxf8 19.c3 g5 20.Qc2 h5 21.Qa4 Ba7 22.Rad1 b5
23.Qxa6 Bxf2+ 24.Kxf2 g4 25.Re3 gxf3 26.Rxf3 Qh4+ 27.g3 Qxh3 28.Qxc6 Qh2+
29.Ke3 Qc2 30.Rxf7+ Kxf7 31.Rf1+ Kg8 32.Qe6+ Kh8 33.Qf6+ Kh7 34.Qe7+ Kh6
35.Rf6+ {#r} 1-0

[Event "Bundesliga (2nd) West 1984/85"]
[Site "masterchessopen.com Germany"]
[Round "1"]
[White "Buecker Stefan (GER)"]
[Black "Schoenthier Frank (GER)"]
[Result "1-0"]
[WhiteElo "2342"]
[BlackElo "2320"]

1.e4 e6 2.d4 d5 3.Nd2 c5 4.exd5 exd5 5.Ngf3 a6 6.Be2 Nf6 7.O-O Be7 8.dxc5 Bxc5
9.Nb3 Ba7 10.Bg5 O-O 11.c4 Nc6 12.Rc1 dxc4 13.Bxc4 Bg4 14.h3 Qxd1 15.Rfxd1
Bxf2+ 16.Kxf2 Ne4+ 17.Ke3 Bxf3 18.gxf3 Nxg5 19.Nc5 Rae8+ 20.Kf2 Re7 21.h4 Ne6
22.Nxe6 fxe6 23.Bxa6 Ne5 24.Be2 Ng6 25.Rc4 Nf4 26.Rd6 e5 27.Bd1 g6 28.Bc2 Ne6
29.Be4 Nd4 30.Kg2 Nf5 31.Bxf5 gxf5 32.Kf2 e4 33.Ke2 Kh8 34.Rcd4 Rc8 35.fxe4
fxe4 36.Rd8+ Rxd8 37.Rxd8+ Kg7 38.Rd6 Rc7 39.Rb6 Kf8 40.Ke3 Rg7 41.Rb4 Ke7
42.Rxb7+ {#r} 1-0

[Event "Bundesliga 1981/82"]
[Site "masterchessopen.com Germany"]
[Round "0"]
[White "Strobel Walter (GER)"]
[Black "Jahr Ulrich Dr Dr (GER)"]
[Result "1-0"]
[WhiteElo "2275"]
[BlackElo "2230"]

1.e4 e6 2.d4 d5 3.Nd2 c5 4.exd5 exd5 5.Ngf3 a6 6.Be2 c4 7.O-O Bd6 8.Re1 Ne7
9.b3 b5 10.a4 c3 11.Nf1 b4 12.Bg5 O-O 13.h3 Nbc6 14.Bd3 f6 15.Bh4 Bf5 16.Bg3
Qd7 17.Bxd6 Qxd6 18.Ng3 Qf4 19.Qe2 Bxd3 20.Qxd3 Qd6 21.Re3 Ng6 22.Nh5 Qd7
23.Rae1 Kf7 24.Kh2 Rfd8 25.g3 Nce7 26.Nh4 Re8 27.Nxg6 Nxg6 28.Qe2 Rxe3 29.Qxe3
Qf5 30.g4 Qd7 31.Kg3 Ne7 32.Nf4 Nc6 33.Qd3 g6 34.Kg2 Qa7 35.Nxd5 Qd7 36.Qc4
Na5 37.Qc5 Re8 38.Rxe8 Qxe8 39.Qc7+ Kf8 40.Qd6+ Kg7 41.Qxf6+ Kh6 42.g5+ Kh5
43.Kg3 Qe4 44.Nf4+ {#r} 1-0

[Event "Bundesliga 1981/82"]
[Site "masterchessopen.com Germany"]
[Round "0"]
[White "Reer Erdmann (GER)"]
[Black "Staller Peter (GER)"]
[Result "0-1"]
[WhiteElo "2062"]
[BlackElo "2244"]

1.e4 e6 2.d4 d5 3.Nd2 a6 4.Ngf3 c5 5.exd5 exd5 6.dxc5 Bxc5 7.Nb3 Bd6 8.Be2 Ne7
9.O-O O-O 10.Nbd4 Nbc6 11.c3 Bg4 12.h3 Bh5 13.Be3 Qc7 14.Rc1 Rad8 15.Qd2 Rfe8
16.Rfe1 Nxd4 17.Nxd4 Bg6 18.Bd3 Bxd3 19.Qxd3 Ng6 20.Nf5 Ne5 21.Qd4 Bf8 22.Bf4
f6 23.Rcd1 Bc5 24.Bxe5 fxe5 25.Qg4 Rf8 26.Rd2 g6 27.Ne3 Qf7 28.Qe2 h5 29.c4
Bb4 30.Nxd5 Bxd2 31.Qxd2 Rde8 32.f3 Kh7 33.Qg5 b5 34.b3 bxc4 35.bxc4 Qf5
36.Qxf5 gxf5 37.c5 e4 38.c6 Re5 39.fxe4 fxe4 40.Nb4 a5 41.Na6 Rc8 42.Rc1 Re6
43.Rc5 Rcxc6 44.Rxh5+ Kg6 45.Rxa5 Rxa6 {#R} 0-1

[Event "Bundesliga 1988/89 (2nd)"]
[Site "masterchessopen.com Germany"]
[Round "0"]
[White "Blauert Joerg (GER)"]
[Black "Giemsa Stephan (GER)"]
[Result "1-0"]
[WhiteElo "2362"]
[BlackElo "2283"]

1.e4 e6 2.d4 d5 3.Nd2 a6 4.Ngf3 c5 5.exd5 exd5 6.Be2 c4 7.O-O Bd6 8.b3 cxb3
9.axb3 Nc6 10.Re1 Nge7 11.Nf1 Bf5 12.Ng3 Bg6 13.Bd3 O-O 14.Ne5 Rc8 15.Nxg6
hxg6 16.c3 Qd7 17.Bd2 Rfe8 18.Qf3 Bxg3 19.Qxg3 Nf5 20.Qf3 Nce7 21.Re2 Nd6
22.Rae1 f5 23.Qh3 Ne4 24.Bxe4 dxe4 25.Rxe4 Nd5 26.Rxe8+ Rxe8 27.Rxe8+ Qxe8
28.Qf3 Nf6 29.Qe3 Kf7 30.Qxe8+ Kxe8 31.f3 b5 32.Kf2 Kd7 33.Ke3 Kc6 34.Kd3 Ne8
35.c4 Nc7 36.d5+ Kd7 37.Kd4 Ne8 38.c5 Nf6 39.c6+ Kc7 40.Kc5 {#r} 1-0

[Event "Bundesliga 1990/91 (2nd)"]
[Site "masterchessopen.com Germany"]
[Round "0"]
[White "Pitschka Klaus (GER)"]
[Black "Liepold Stefan (GER)"]
[Result "1-0"]
[WhiteElo "2235"]
[BlackElo "2269"]

1.e4 e6 2.d4 d5 3.Nd2 c5 4.Ngf3 a6 5.exd5 exd5 6.Be2 c4 7.O-O Bd6 8.a4 Ne7
9.Re1 Nbc6 10.b3 c3 11.Nf1 Be6 12.Bd3 Qd7 13.Ne5 Nxe5 14.dxe5 Bc5 15.Be3 d4
16.Bg5 Nc6 17.Ng3 h6 18.Bf4 g5 19.Ne4 Be7 20.Bg3 O-O-O 21.Qe2 Nb4 22.Nd6+ Bxd6
23.exd6 Bd5 24.Qe5 Nxd3 25.cxd3 Bxb3 26.Qxd4 Kb8 27.Re7 Qc6 28.Rc7 Qd5 29.Qxc3
{#r} 1-0

[Event "Bundesliga 1990/91 (2nd)"]
[Site "masterchessopen.com Germany"]
[Round "0"]
[White "Dolgener Tobias (GER)"]
[Black "Liepold Stefan (GER)"]
[Result "1-0"]
[WhiteElo "2257"]
[BlackElo "2269"]

1.e4 e6 2.d4 d5 3.Nd2 c5 4.Ngf3 a6 5.exd5 exd5 6.Be2 c4 7.O-O Bd6 8.b3 b5 9.a4
c3 10.axb5 cxd2 11.Bxd2 Nf6 12.c4 O-O 13.c5 Bc7 14.b6 Bxb6 15.cxb6 Qxb6 16.Ba5
Qd6 17.Ne5 Nbd7 18.Rc1 Bb7 19.Rc7 Rab8 20.Nxd7 Nxd7 21.Qc2 Rbc8 22.Rc1 Rxc7
23.Qxc7 Qa3 24.Re1 Nf6 25.Qb6 Nd7 26.Qxb7 Qxa5 27.b4 Qd8 28.Qxd5 Re8 29.Qc4
Qe7 30.Kf1 Nb6 31.Qxa6 Nd5 32.Qa1 Nf4 33.Bf3 Qxe1+ 34.Qxe1 Rxe1+ 35.Kxe1 Nd3+
36.Kd2 Nxb4 37.Bb7 Kf8 38.Kc3 Na2+ 39.Kc4 Ke7 40.Be4 g6 41.Bd3 {#r} 1-0

[Event "Bundesliga 2004/05 (w)"]
[Site "masterchessopen.com Germany"]
[Date "2004.12.04"]
[Round "3"]
[White "Mietzner Tina (GER)"]
[Black "Kiseleva Natalia (UKR)"]
[Result "0-1"]
[WhiteElo "2235"]
[BlackElo "2290"]

1.e4 e6 2.d4 d5 3.Nd2 a6 4.Ngf3 c5 5.exd5 exd5 6.dxc5 Bxc5 7.Nb3 Ba7 8.Be2 Nf6
9.Bg5 Bxf2+ 10.Kf1 Ba7 11.Bxf6 Qxf6 12.Qxd5 O-O 13.Qe5 Qb6 14.Qd4 Qc7 15.Qd2
Nc6 16.c3 Bf5 17.Nbd4 Rad8 18.Kf2 Be4 19.g3 Bxf3 20.Kxf3 Nxd4+ 21.cxd4 Qc6+
{#R} 0-1

[Event "Ch Argentina (1/2 final)"]
[Site "masterchessopen.com Argentina"]
[Round "0"]
[White "Rodriguez Esteban (ARG)"]
[Black "Tempone Marcelo (ARG)"]
[Result "0-1"]
[WhiteElo "2167"]
[BlackElo "2460"]

1.e4 e6 2.d4 d5 3.Nd2 a6 4.Ngf3 c5 5.exd5 exd5 6.Be2 c4 7.O-O Nc6 8.Re1 Be7
9.Nf1 Nf6 10.Ng3 O-O 11.c3 Re8 12.Bf4 Bd6 13.Bxd6 Qxd6 14.Qc2 Bd7 15.b3 cxb3
16.axb3 Rac8 17.Qb2 g6 18.c4 Qf4 19.Nf1 Bg4 20.Red1 Re7 21.h3 Rce8 22.Ne3 Rxe3
23.fxe3 Qxe3+ 24.Kh1 Ne4 25.Kh2 Bxh3 26.Bf1 Qf4+ 27.Kg1 Bg4 28.cxd5 Nb4 29.Bc4
b5 30.Bf1 Nxd5 31.Re1 Qg3 32.Ne5 Ng5 33.Be2 Nh3+ 34.Kh1 Nf2+ 35.Kg1 Nf4 36.Bf3
Bxf3 37.Nxf3 Qxg2# 0-1

[Event "Ch Argentina (juniors) (under 18)"]
[Site "masterchessopen.com Isla del Cerrito (Argentina)"]
[Round "2"]
[White "Roisman Fabio (ARG)"]
[Black "Della Morte Pablo (ARG)"]
[Result "1-0"]
[WhiteElo "2349"]
[BlackElo "2220"]

1.e4 e6 2.d4 d5 3.Nd2 a6 4.Ngf3 c5 5.exd5 exd5 6.dxc5 Bxc5 7.Nb3 Bd6 8.Bg5 f6
9.Bh4 Nc6 10.Qd2 Nge7 11.Bg3 O-O 12.Be2 Be6 13.O-O Rc8 14.Nbd4 Bf7 15.Nxc6
Nxc6 16.Rad1 Bxg3 17.hxg3 d4 18.Rfe1 Qb6 19.b3 Rfd8 20.Bd3 Nb4 21.Nxd4 Nxa2
22.Nf5 Kh8 23.Re7 Nc3 24.Rxf7 Nxd1 25.Qxd1 Qe6 26.Qh5 Rd7 27.Nd4 {#r} 1-0

[Event "Ch Armenia"]
[Site "masterchessopen.com Yerevan (Armenia)"]
[Round "0"]
[White "Petrossian Armen (FRA)"]
[Black "Shaboian Vladimir (ARM)"]
[Result "1-0"]
[WhiteElo "2453"]
[BlackElo "2340"]

1.e4 e6 2.d4 d5 3.Nd2 a6 4.Ngf3 c5 5.exd5 exd5 6.dxc5 Bxc5 7.Nb3 Bb6 8.Bd3 Ne7
9.O-O Nbc6 10.Re1 O-O 11.Be3 Bc7 12.c3 h6 13.h3 Qd6 14.Nbd4 Bd7 15.Bc2 Rad8
16.Qd3 Ng6 17.Nf5 Qf6 18.N5h4 Kh7 19.Bc5 Rfe8 20.Rxe8 Bxe8 21.Re1 Kg8 22.Nf5
Bd7 23.Qxd5 Nge5 24.Nxe5 Bxe5 25.Bb6 Be6 26.Bxd8 Bxd5 27.Bxf6 gxf6 28.f4 {#r}
1-0

[Event "Ch BEM (M)"]
[Site "masterchessopen.com Grossauheim (Germany)"]
[Round "8"]
[White "Hertel Peter (GER)"]
[Black "Noack Reiner (GER)"]
[Result "1-0"]
[WhiteElo "2241"]
[BlackElo "2147"]

1.e4 e6 2.d4 d5 3.Nd2 a6 4.Ngf3 c5 5.exd5 exd5 6.Be2 Nc6 7.O-O Bd6 8.dxc5 Bxc5
9.Nb3 Ba7 10.Re1 Nge7 11.Bg5 O-O 12.Qd2 Qd6 13.Qf4 Qxf4 14.Bxf4 Bf5 15.c3 Rfe8
16.Rad1 Rad8 17.Rd2 Ng6 18.Bg3 Bb6 19.Red1 Be6 20.Nbd4 Nce7 21.Bd3 Bg4 22.h3
Bd7 23.Bc2 Rc8 24.Nh4 Nxh4 25.Bxh4 Bc7 26.Bb3 Bf4 27.Re2 Ng6 28.Bg3 Bxg3
29.fxg3 Be6 30.Rde1 Nf8 31.Bxd5 Rc7 32.Nxe6 fxe6 33.Bxe6+ Nxe6 34.Rxe6 Rxe6
35.Rxe6 Kf7 36.Re2 Rd7 37.Kf2 Rd3 38.Ke1 Rxg3 39.Kd2 Rg5 40.Kd3 Rc5 41.Kd4 Rc6
42.Kd5 Rg6 43.c4 Rb6 44.b3 Rg6 45.c5 Rf6 46.Re3 Rg6 47.g4 Rf6 48.a3 g6 49.b4
h6 50.a4 Rf4 51.Re4 Rf1 52.Kd6 Ra1 53.a5 {#r} 1-0

[Event "Ch Belarus (w)"]
[Site "masterchessopen.com Minsk (Belarus)"]
[Date "2010.01.22"]
[Round "9"]
[White "Homiakova Ekaterina (BLR)"]
[Black "Stetsko Lanita (BLR)"]
[Result "0-1"]
[WhiteElo "2134"]
[BlackElo "2148"]

1.e4 e6 2.d4 d5 3.Nd2 a6 4.Ngf3 c5 5.exd5 exd5 6.Be2 c4 7.O-O Bd6 8.b3 b5 9.a4
c3 10.axb5 cxd2 11.Bxd2 Nf6 12.c4 O-O 13.c5 Be7 14.b4 Qc7 15.bxa6 Bxa6 16.b5
Bb7 17.Rxa8 Bxa8 18.Qa4 Nbd7 19.Ba5 Qb8 20.c6 Nb6 21.Bxb6 Qxb6 22.Ra1 Bd6
23.Qc2 Ne4 24.Ra6 Qc7 25.Qb3 Rc8 26.Bf1 Qd8 27.Qc2 Bc7 28.Nd2 Bxh2+ 29.Kxh2
Qh4+ 30.Kg1 Qxf2+ 31.Kh2 Nxd2 32.Qd3 Nxf1+ 33.Kh1 Ne3 {#R} 0-1

[Event "Ch Belgrade (team) (qual. liga)"]
[Site "masterchessopen.com Belgrade (Serbia)"]
[Date "2009.10.17"]
[Round "2"]
[White "Keserovic Milan (SRB)"]
[Black "Stevanovic Vladan (SRB)"]
[Result "0-1"]
[WhiteElo "2213"]
[BlackElo "2311"]

1.e4 e6 2.d4 d5 3.Nd2 a6 4.Ngf3 c5 5.exd5 exd5 6.Bd3 c4 7.Be2 Nc6 8.O-O Bd6
9.b3 b5 10.c3 Nf6 11.a4 Bf5 12.Re1 O-O 13.Ba3 Bxa3 14.Rxa3 b4 15.cxb4 c3
16.Nf1 Nxb4 17.Ne3 Be4 18.a5 Qd6 19.Ra4 Rfc8 20.Ne5 h6 21.Qa1 Nc2 22.Nxc2 Bxc2
23.Nd3 Rab8 24.Nc5 Bxb3 25.Ra3 Rxc5 26.dxc5 Qxc5 27.Bxa6 Ne4 28.Rf1 Nd2 29.Rc1
Ne4 30.Rf1 c2 31.Qc1 Bc4 32.Bxc4 Qxc4 33.a6 Nc3 34.a7 Ne2+ 35.Kh1 Ra8 36.Qa1
c1=Q 37.Rxc1 Qxc1+ 38.Qxc1 Nxc1 39.g3 d4 40.Ra1 Nd3 41.Ra4 Nc5 42.Ra5 Ne6
43.Kg2 Kf8 44.Kf3 Ke7 45.Ke4 Kd6 46.f4 Nd8 47.Rd5+ Kc7 48.Ra5 Nc6 49.Ra1 Rxa7
50.Rxa7+ Nxa7 51.Kxd4 Kd6 52.Ke4 Nc6 53.g4 g6 54.f5 g5 {#R} 0-1

[Event "Ch Brasiliense (final)"]
[Site "masterchessopen.com Brasilia (Brazil)"]
[Round "1"]
[White "Aguiar Lucas (BRA)"]
[Black "Lebredo Gerardo (CUB)"]
[Result "0-1"]
[WhiteElo "2000"]
[BlackElo "2250"]

1.e4 e6 2.d4 d5 3.Nd2 a6 4.Ngf3 c5 5.exd5 exd5 6.dxc5 Bxc5 7.Bd3 Nc6 8.O-O
Nge7 9.Nb3 Bb6 10.h3 O-O 11.Bg5 h6 12.Bh4 Qd6 13.c4 Nf5 14.Bxf5 Bxf5 15.c5
Bxc5 16.Bg3 Qxg3 17.Nxc5 Qd6 18.Nxb7 Qe7 19.Rc1 Nb4 20.Na5 Nxa2 21.Ra1 Nb4
22.Nd4 Bh7 23.Ndc6 Nxc6 24.Nxc6 Qf6 25.Qxd5 Qxb2 26.Ra2 Qf6 27.Rfa1 Rfe8
28.Nb4 Be4 29.Qd1 Bb7 30.Qd7 Re7 31.Qd3 Qg5 32.g3 Rae8 33.Rf1 Qc5 34.Qb3 Qh5
35.Kh2 a5 36.Nc2 Bd5 {#R} 0-1

[Event "Ch Bulgaria"]
[Site "masterchessopen.com Bulgaria"]
[Round "8"]
[White "Dimitrov Vladimir (BUL)"]
[Black "Panbukchian Valentin (BUL)"]
[Result "1-0"]
[WhiteElo "2413"]
[BlackElo "2365"]

1.e4 e6 2.d4 d5 3.Nd2 a6 4.Ngf3 c5 5.exd5 exd5 6.Be2 cxd4 7.O-O Bd6 8.Nb3 Ne7
9.Nbxd4 Nbc6 10.c3 O-O 11.Bd3 Nxd4 12.Nxd4 Qc7 13.h3 Bd7 14.Bc2 Rfe8 15.Qd3 g6
16.Qf3 Be5 17.Be3 Rad8 18.Rad1 Bc8 19.Bb3 Kg7 20.Rd2 b5 21.Re1 Ng8 22.Rde2 Re7
23.Bg5 f6 24.Bh4 Bb7 25.Qd3 Nh6 26.f4 Bxd4+ 27.Qxd4 Rf7 28.Bxf6+ {#r} 1-0

[Event "Ch Bulgaria"]
[Site "masterchessopen.com Bulgaria"]
[Round "3"]
[White "Donchev Dimitar I (BUL)"]
[Black "Panbukchian Valentin (BUL)"]
[Result "1-0"]
[WhiteElo "2436"]
[BlackElo "2365"]

1.e4 e6 2.d4 d5 3.Nd2 c5 4.Ngf3 a6 5.exd5 exd5 6.Be2 cxd4 7.O-O Bd6 8.Nb3 Ne7
9.Bg5 Nbc6 10.Bh4 Qb6 11.Bg3 Bxg3 12.hxg3 Bg4 13.Nfxd4 Bxe2 14.Qxe2 Nxd4
15.Qe3 O-O 16.Qxd4 Qxd4 17.Nxd4 Nc6 18.Rad1 Rfe8 19.f3 g6 20.Rf2 h5 21.Nb3 Ne7
22.Re2 Nf5 23.Rxe8+ Rxe8 24.Kf2 Rc8 25.c3 Ne7 26.Rd4 Rc7 27.a4 Kf8 28.Rb4 Nc8
29.Ke3 Ke7 30.Kf4 Kf6 31.g4 hxg4 32.fxg4 g5+ 33.Ke3 Ke5 34.Nd4 Kd6 35.Kd3 f6
36.Nf5+ Kc5 37.a5 Rh7 38.Rd4 Rd7 39.Ra4 Kb5 40.Ra1 Ne7 41.Nd4+ Kc5 42.Rf1 Ng8
43.b4+ Kd6 44.Nf5+ Ke6 45.Re1+ Kf7 46.Kd4 Rc7 47.Kxd5 Rxc3 48.Nd6+ Kg6 49.Nxb7
Nh6 50.Nc5 Nxg4 51.Nxa6 Ra3 52.Nc5 f5 53.a6 f4 54.Kc6 Ne3 55.Rg1 Nc2 56.b5
Nd4+ 57.Kb6 Kf5 58.Rd1 {#r} 1-0

[Event "Ch Bulgaria"]
[Site "masterchessopen.com Sofia (Bulgaria)"]
[Round "3"]
[White "Kolev Atanas (BUL)"]
[Black "Berovski Krum (BUL)"]
[Result "1-0"]
[WhiteElo "2520"]
[BlackElo "2318"]

1.e4 e6 2.d4 d5 3.Nd2 c5 4.exd5 exd5 5.Ngf3 a6 6.dxc5 Bxc5 7.Nb3 Ba7 8.Bd3
Qe7+ 9.Qe2 Qxe2+ 10.Bxe2 Nf6 11.O-O O-O 12.Rd1 Nc6 13.h3 Bf5 14.c3 h6 15.Nbd4
Be4 16.Be3 Na5 17.Nd2 Bg6 18.Nf1 Nc4 19.Bc1 Rfe8 20.Ne3 Nxe3 21.Bxe3 Rad8
22.a4 Ne4 23.Bd3 Bh7 24.a5 {#r} 1-0

[Event "Ch Bulgaria (team) (2nd Division)"]
[Site "masterchessopen.com Borovets (Bulgaria)"]
[Date "2008.10.02"]
[Round "2"]
[White "Asparuhov Parvan (BUL)"]
[Black "Berovski Krum (BUL)"]
[Result "0-1"]
[WhiteElo "2124"]
[BlackElo "2316"]

1.e4 e6 2.d4 d5 3.Nd2 c5 4.exd5 exd5 5.Ngf3 a6 6.dxc5 Bxc5 7.Nb3 Ba7 8.Be2 Nf6
9.O-O O-O 10.c3 Nc6 11.Nbd4 Re8 12.Re1 Qd6 13.h3 Bb8 14.Be3 Rxe3 15.fxe3 Bxh3
16.Bf1 Bg4 17.Qc2 Ne4 18.Bd3 f5 19.Rf1 Qh6 20.Rfe1 Bg3 21.Re2 Qh5 22.Rf1 Rd8
23.Qb3 Nxd4 24.exd4 b5 25.a4 Bh2+ 26.Nxh2 Bxe2 27.Bxe2 Qxe2 28.Nf3 Qe3+ 29.Kh2
Rd6 30.g3 Rh6+ 31.Kg2 Qe2+ 32.Kg1 Rh1+ 33.Kxh1 Qxf1+ 34.Ng1 Nf2+ 35.Kh2 Ng4+
36.Kh1 Ne3 {#R} 0-1

[Event "Ch Bulgaria (w)"]
[Site "masterchessopen.com Pernik (Bulgaria)"]
[Round "5"]
[White "Shikova Vesmina W (BUL)"]
[Black "Koen Maja (BUL)"]
[Result "0-1"]
[WhiteElo "2055"]
[BlackElo "2105"]

1.e4 e6 2.d4 d5 3.Nd2 c5 4.exd5 exd5 5.Ngf3 a6 6.dxc5 Bxc5 7.Bd3 Nf6 8.Nb3 Be7
9.O-O Nc6 10.Nbd4 O-O 11.c3 Bg4 12.Nf5 Bc5 13.h3 Bxf5 14.Bxf5 Ne4 15.Bxe4 dxe4
16.Ng5 Qxd1 17.Rxd1 Rae8 18.h4 h6 19.Nh3 Ne5 20.Rd5 Nd3 21.b4 Be7 22.g3 Bf6
23.Rd7 Bxc3 24.Rb1 b5 25.a3 Rd8 26.Rxd8 Rxd8 27.Be3 Bb2 {#R} 0-1

[Event "Ch Catalunia (juniors) (under 18)"]
[Site "masterchessopen.com Vilaseca (Spain)"]
[Date "2011.04.22"]
[Round "5"]
[White "Panella Navarro Sergi (ESP)"]
[Black "Vazquez Kaufmann David (ESP)"]
[Result "1-0"]
[WhiteElo "2125"]
[BlackElo "1867"]

1.e4 e6 2.d4 d5 3.Nd2 a6 4.Ngf3 c5 5.exd5 exd5 6.Be2 Nf6 7.O-O Be7 8.dxc5 Bxc5
9.Nb3 Be7 10.Nfd4 O-O 11.Bg5 Nc6 12.Re1 h6 13.Bh4 Re8 14.Bf3 Nxd4 15.Qxd4 Be6
16.Rad1 Rc8 17.Qd3 Qc7 18.c3 Ne4 19.Bxe7 Rxe7 20.Bxe4 dxe4 21.Rxe4 Rd7 22.Qe2
Rxd1+ 23.Qxd1 b5 24.h3 a5 25.Nd4 Bxa2 26.Nxb5 Qc6 27.Re5 Rb8 28.Nd4 Qc7 29.Qe2
g6 30.Re8+ Kg7 31.Rxb8 Qxb8 32.b4 Bd5 33.bxa5 Ba8 34.a6 Qb1+ 35.Kh2 Qb8+ 36.g3
h5 37.Qe7 Qb6 38.a7 h4 39.Qe5+ {#r} 1-0